00633nam a2200229 a 4500001001300000003000900013005001700022008004100039020001100080082001300091100001600104245003200120260002900152300000900181500003500190505001000225650002600235902000800261942000700269952011200276999001500388nice12345678IN_TiNIC20260116012246.0050524s1960 lona grp 000 0 eng  ac40.800a282bFUL aFuller, R H aChurch of Romeb Dissuasive aLondonbScm Press c1960 a160p aincludes index and biblioraphy2 aIndex aRoman Catholic Church bSRS cBK 001040708StackRoom-aHMIbHMId2007-07-19g40.80l0o282 FULp011592r2007-07-19v40.80w2005-05-24yBK c6277d6277